000 00556nam a2200205Ia 4500
003 OSt
005 20220927114333.0
006 a|||||r|||| 00| 0
007 ta
008 220926b |||||||| |||| 00| 0 eng d
024 _a149507
037 _cTextbook
040 _aRTL
_cRTL
_beng
041 _2eng
_aeng
082 _a"Y, TD"
100 _aJOSI Chitra
_9388561
245 0 _aNotes on the bread winner debate
_b Gender and household stragies in working-class familities
942 _h"Y, TD"
_cCC
999 _c704467
_d704467